000 00817nam a2200253Ia 4500
003 OSt
005 20250902151243.0
008 210716s2006 xx 000 0 und d
020 _a9788131726891
040 _cAIMIT LIBRARY
041 _aeng
082 _a005.7406
_bQUAT
100 _aQuatrani, Terry.
_9237995
245 _aVisual modeling with ibm rational software architect and uml /
_cBy Terry Quatrani and Jim Palistrant.
250 _a1st ed.
260 _aNew Delhi :
_bIBM Press/Pearson ,
_c2006.
300 _axiii,193 p.;
_bPB
_c25cm.
650 _aIntroduction to visual modeling
_9237996
650 _aRational softawre architect
_9237997
650 _aAnalysis model
_9237998
650 _aImplementation model
_9237999
700 _aPalistrant, Jim.
_9238000
942 _2ddc
_cBK
_k005.7406 QUAT
999 _c181870
_d181870